The theory of evolution strategies / (Record no. 7055)

MARC details
000 -LEADER
fixed length control field 01217cam a22003014a 4500
001 - CONTROL NUMBER
control field 12330897
003 - CONTROL NUMBER IDENTIFIER
control field OSt
005 - DATE AND TIME OF LATEST TRANSACTION
control field 20210831095157.0
008 - FIXED-LENGTH DATA ELEMENTS--GENERAL INFORMATION
fixed length control field 010301s2001 gw a b 001 0 eng
010 ## - LIBRARY OF CONGRESS CONTROL NUMBER
LC control number 2001020620
020 ## - INTERNATIONAL STANDARD BOOK NUMBER
International Standard Book Number 3540672974 (alk. paper)
040 ## - CATALOGING SOURCE
Original cataloging agency DLC
Transcribing agency DDC
Modifying agency DLC
042 ## - AUTHENTICATION CODE
Authentication code pcc
050 00 - LIBRARY OF CONGRESS CALL NUMBER
Classification number QA76.618
Item number .B49 2001
082 00 - DEWEY DECIMAL CLASSIFICATION NUMBER
Classification number 576.839BEY2001
100 1# - MAIN ENTRY--PERSONAL NAME
Personal name Beyer, Hans-Georg,
Dates associated with a name 1959-
9 (RLIN) 14525
245 14 - TITLE STATEMENT
Title The theory of evolution strategies /
Statement of responsibility, etc. Beyer,Hans-Georg
Remainder of title Natural computing series
260 ## - PUBLICATION, DISTRIBUTION, ETC. (IMPRINT)
Place of publication, distribution, etc. Berlin ;
-- New York :
Name of publisher, distributor, etc. Springer,
Date of publication, distribution, etc. c2001.
300 ## - PHYSICAL DESCRIPTION
Extent xix, 380 p. :
Other physical details ill. ;
Dimensions 24 cm.
440 #0 - SERIES STATEMENT/ADDED ENTRY--TITLE
Title Natural computing series
9 (RLIN) 14526
504 ## - BIBLIOGRAPHY, ETC. NOTE
Bibliography, etc Includes bibliographical references (p. [365]-372) and index.
650 #0 - SUBJECT ADDED ENTRY--TOPICAL TERM
Topical term or geographic name as entry element Evolutionary programming (Computer science)
9 (RLIN) 14527
650 #0 - SUBJECT ADDED ENTRY--TOPICAL TERM
Topical term or geographic name as entry element Computer
9 (RLIN) 533
856 42 - ELECTRONIC LOCATION AND ACCESS
Materials specified Publisher description
Uniform Resource Identifier http://www.loc.gov/catdir/enhancements/fy0816/2001020620-d.html
906 ## - LOCAL DATA ELEMENT F, LDF (RLIN)
a 7
b cbc
c orignew
d 1
e ocip
f 20
g y-gencatlg
942 ## - ADDED ENTRY ELEMENTS (KOHA)
Source of classification or shelving scheme Dewey Decimal Classification
Koha item type Open Shelf
Holdings
Withdrawn status Lost status Source of classification or shelving scheme Damaged status Not for loan Home library Current library Date acquired Source of acquisition Inventory number Total Checkouts Full call number Barcode Date last seen Price effective from Koha item type
    Dewey Decimal Classification     MUST Main Library MUST Main Library 31/08/2021 Purchase 04/22688   576.839BEY2001 2021-0739 31/08/2021 31/08/2021 Open Shelf
    Dewey Decimal Classification     MUST Main Library MUST Main Library 06/10/2021 Purchase 04/22687   576.839BEY2001 2021-1421 06/10/2021 06/10/2021 Open Shelf
    Other/Generic Classification Scheme     MUST Main Library MUST Main Library 14/06/2024 Purchase 05/24654   576.839BEY2001 2024-20432 14/06/2024 14/06/2024 Open Shelf
    Other/Generic Classification Scheme     MUST Main Library MUST Main Library 14/06/2024 Purchase 05/24653   576.839BEY2001 2024-20433 14/06/2024 14/06/2024 Open Shelf